| 000 | 00461cam a2200169 a 4500 | ||
|---|---|---|---|
| 020 | _a0876924542 | ||
| 040 | _cDLC | ||
| 082 | _a631 HAR 1983 C283 Or. | ||
| 100 | 1 | _aHartmann, Hudson T. | |
| 245 | 1 | 0 |
_aPlant propagation : _bprinciples and practices / |
| 250 | _aFifth edition | ||
| 300 |
_aviii, 647 pages : _billustrations (some color) ; _c27 cm |
||
| 650 | 0 | _aPlant propagation | |
| 700 | 1 | _aKester, Dale E | |
| 700 | 1 | _aDavies, Fred T., | |
| 942 | _cAEDBB | ||
| 999 |
_c22510 _d22510 |
||